Design Directions : The Relationship Between Humans and technology

Saved in:
Bibliographic Details
Other Authors: Tzvetanova Yung, Sylvia (Editor), Piebalga, Alise (Editor)
Format: Book
Language:English
Published: Cambridge : Cambridge Scholars Publishing, 2013
Edition:1. vyd.
Tags: Add Tag
No Tags, Be the first to tag this record!

MARC

LEADER 00000nam a22000003a 4500
001 stu300328
005 20210927085345.3
008 141106s2013----uk------------------eng-d
020 |a 978-1-4438-5271-5 
020 |a 1-4438-5271-6 
040 |a STU  |b slo 
041 0 |a eng 
044 |a xxk 
100 1 |a Tzvetanova Yung, Sylvia  |4 edt 
245 1 |a Design Directions :  |b The Relationship Between Humans and technology 
250 |a 1. vyd. 
260 |a Cambridge :  |b Cambridge Scholars Publishing,  |c 2013 
300 |a 169 s. 
700 1 |a Piebalga, Alise  |4 edt 
996 |b 284AU06348  |c A*9286 U  |l AA5150  |s P  |a 0  |w stu300328_0001